Tennis Left-handed No 1s - Statistics

General Stats
  • This quiz has been taken 59 times
  • The average score is 6 of 9
Answer Stats
Gender Country Weeks as No 1 Answer % Correct
Male Spain 209 Rafael Nadal
100%
Female Czech Republic 332 Martina Navratilova
79%
Male USA 170 John McEnroe
76%
Female Yugoslavia 178 Monica Seles
76%
Male USA 268 Jimmy Connors
71%
Male Argentina >10 (disputed) Guillermo Vilas
61%
Male Austria 6 Thomas Muster
58%
Female Germany 34 Angelique Kerber
55%
Male Australia 374 Rod Laver
53%
No matching quizzes found
Score Distribution
Percent of People with Each Score
Percentile by Number Answered
Your Score History
You have not taken this quiz